000 00210nam a2200097Ia 4500
008 190216s9999||||xx |||||||||||||| ||und||
100 _aManohar Malgonkar
245 4 _aThe Princes
260 _bNull
942 _cBK
999 _c12305
_d12305